书目信息 |
| 题名: |
2016年中国高职高专生就业报告
|
|
| 作者: | ;麦可思研究院 编著 | |
| 分册: | 2016 | |
| 出版信息: | 北京 社会科学文献出版社 2016.06 |
|
| 页数: | 15,202页 | |
| 开本: | 25cm | |
| 丛书名: | 皮书系列 | |
| 单 册: | ||
| 中图分类: | G718.5 | |
| 科图分类: | ||
| 主题词: | 高等职业教育--毕业生--就业--研究报告--中国--2016 | |
| 电子资源: | ||
| ISBN: | 978-7-5097-9126-4 | |
| 000 | 01330oam2 2200301 450 | |
| 001 | 0120161864441 | |
| 005 | 20170908090142.79 | |
| 010 | @a978-7-5097-9126-4@b精装@dCNY98.00 | |
| 100 | @a20160624d2016 em y0chiy50 ea | |
| 101 | 0 | @achi |
| 102 | @aCN@b110000 | |
| 105 | @aak z 000yy | |
| 106 | @ar | |
| 200 | 1 | @a2016年中国高职高专生就业报告@92016 nian zhong guo gao zhi gao zhuan sheng jiu ye bao gao@dChinese 3-year vocational college graduates' employment annual report@h2016@f麦可思研究院编著@zeng |
| 210 | @a北京@c社会科学文献出版社@d2016.06 | |
| 215 | @a15,202页@c图@d25cm | |
| 225 | 2 | @a皮书系列 |
| 300 | @a就业蓝皮书 “十二五”国家重点图书出版规划项目 2016版 | |
| 330 | @a本书共分为总报告;分报告一 应届就业报告;分报告二 中期职业发展报告;分报告三 培养质量报告四部分,其内容包括:技术报告;主要结论;就业结果;自主创业;专升本;未就业分析等。 | |
| 333 | @a教育研究者 | |
| 461 | 0 | @12001 @a皮书系列 |
| 510 | 1 | @aChinese 3-year vocational college graduates' employment annual report@h2016@zeng |
| 516 | 1 | @a2016就业蓝皮书·高职高专@92016 jiu ye lan pi shu · gao zhi gao zhuan |
| 606 | 0 | @a高等职业教育@x毕业生@x就业@x研究报告@y中国@z2016 |
| 690 | @aG718.5@v5 | |
| 711 | 02 | @a麦可思研究院@9mai ke si yan jiu yuan@4编著 |
| 801 | 0 | @aCN@b人天书店@c20160624 |
| 905 | @b992812-17@dG718.5@e40(2016)@f6 | |
| 2016年中国高职高专生就业报告=Chinese 3-year vocational college graduates' employment annual report.2016/麦可思研究院编著.-北京:社会科学文献出版社,2016.06 |
| 15,202页:图;25cm.-(皮书系列) |
| 就业蓝皮书 “十二五”国家重点图书出版规划项目 2016版.-使用对象:教育研究者 |
| ISBN 978-7-5097-9126-4(精装):CNY98.00 |
| 本书共分为总报告;分报告一 应届就业报告;分报告二 中期职业发展报告;分报告三 培养质量报告四部分,其内容包括:技术报告;主要结论;就业结果;自主创业;专升本;未就业分析等。 |
| ● |
| 相关链接 |
|
|
|
|
正题名:2016年中国高职高专生就业报告
索取号:G718.5/40(2016)
 
预约/预借
| 序号 | 登录号 | 条形码 | 馆藏地/架位号 | 状态 | 备注 |
| 1 | 992812 | 209928122 | 第一样本阅览室/ [索取号:G718.5/40(2016)] | 在馆 | |
| 2 | 992813 | 209928131 | 第四借阅区/ [索取号:G718.5/40(2016)] | 在馆 | |
| 3 | 992814 | 209928140 | 第四借阅区/ [索取号:G718.5/40(2016)] | 在馆 | |
| 4 | 992815 | 209928159 | 第四借阅区/ [索取号:G718.5/40(2016)] | 在馆 | |
| 5 | 992816 | 209928168 | 第四借阅区/ [索取号:G718.5/40(2016)] | 在馆 | |
| 6 | 992817 | 209928177 | 密集书库-海洋学院/ [索取号:G718.5/40(2016)] | 在馆 |